| 000 | 00436nam a2200169Ia 4500 | ||
|---|---|---|---|
| 003 | GCL | ||
| 008 | 140319s9999 xx 000 0 eng d | ||
| 040 |
_aGCL / _cGCL |
||
| 082 | 0 | 4 |
_a170.1 _bD M |
| 100 | 1 | _aOAKLEY, JUSTIN | |
| 245 | 1 | 0 |
_aMORALITY AND THE EMOTIONS / _cOAKLEY, JUSTIN |
| 260 |
_a[S.N] : _bROUTLEDGE ، _c1992 |
||
| 300 | _a412P. | ||
| 650 | 0 | 4 | _aMORAL AND ETHICAL ASPECTS |
| 650 | 0 | 4 | _aEMOTIONS MORAL |
| 942 |
_2ddc _cBK |
||
| 999 |
_c11023 _d11023 |
||